00264nam a2200121Ia 45000030006000000080041000060400015000471000018000622450024000802600009001045460012001130050017001250STCL150530s9999 xx 000 0 und d aSTCLcSTCL aBundy,W.P Ed. aAmerica and Vietnam c1960 aEnglish20220125165440.0